000 00457nam a2200145Ia 4500
008 100204s9999 xx 000 0 und d
082 _b14845
100 _aक्षेत्रमाडे सुमती
245 _aमर्मबंध
260 _b"बांदोडकर पब्लिशिंग हाऊस, गोवा"
300 _a258
630 _aमर्मबंध
730 _aमर्मबंध
942 _cBOOK
999 _c459276
_d459273